000 00825nam a2200253 a 4500
003 0
005 20250203082956.0
008 130901s19uu xx 00 eng d
050 _aPGS SB 951
_b.T772 2013
100 _aTrang, Jacob Tyler.
245 _aUse of homemade pesticide as ant killer /
_cJacob Tyler Trang.
260 _aLas PiƱas City, Philippines :
_bSouthville International School and Colleges,
_c2013.
300 _a17 p. :
_bill. ;
_c28 cm.
504 _aIncludes bibliographical references.
650 _aInsecticides.
650 _aPesticides
_vEffectiveness.
650 _aHomemade insecticides.
650 _aOrganic pesticides.
650 _aBiopesticides.
650 _a Insect pests
_vControl.
650 _aAnts
_vControl.
650 _aPest control
_vNatural methods.
942 _2lcc
_cPASS
999 _c99072
_d99072